Arte y vida en la obra de Benjamín Jarnés / (Record no. 129898)

MARC details
000 -LEADER
campo de control de longitud fija 00706nam a2200205 i 4500
001 - NÚMERO DE CONTROL
campo de control 129898
003 - IDENTIFICADOR DE NÚMERO DE CONTROL
campo de control ES-MaACL
005 - FECHA Y HORA DE LA ÚLTIMA TRANSACCIÓN
campo de control 20250414191423.0
007 - CAMPO FIJO DE DESCRIPCIÓN FÍSICA--INFORMACIÓN GENERAL
campo de control de longitud fija t|
008 - DATOS DE LONGITUD FIJA--INFORMACIÓN GENERAL
campo de control de longitud fija 070710s1977 sp ||||1| spa d
100 1# - ENTRADA PRINCIPAL--NOMBRE DE PERSONA
Nombre de persona Zuleta, Emilia de.
9 (RLIN) 118452
245 10 - MENCIÓN DEL TÍTULO
Título Arte y vida en la obra de Benjamín Jarnés /
Mención de responsabilidad, etc. Emilia de Zuleta.
260 ## - PUBLICACIÓN, DISTRIBUCIÓN, ETC.
Lugar de publicación, distribución, etc. Madrid :
Nombre del editor, distribuidor, etc. Gredos,
Fecha de publicación, distribución, etc. [1977]
300 ## - DESCRIPCIÓN FÍSICA
Extensión 278 p. ;
Dimensiones 20 cm.
490 1# - MENCIÓN DE SERIE
Mención de serie Biblioteca Románica Hispánica. Estudios y ensayos ;
Designación de volumen o secuencia 267
600 17 - PUNTO DE ACCESO ADICIONAL DE MATERIA--NOMBRE DE PERSONA
Nombre de persona Jarnés, Benjamín,
Fechas asociadas al nombre 1888-1949
Fuente del encabezamiento o término
9 (RLIN) 154398
830 0# - PUNTO DE ACCESO ADICIONAL DE SERIE-TÍTULO UNIFORME
Título uniforme Biblioteca románica hispánica. II. Estudios y ensayos
Designación de volumen o secuencia 267
9 (RLIN) 178108
852 ## - LOCALIZACIÓN
Ubicación ES-MaACL
Número de control de estantería A-7655
Sublocalización o colección R.96785
Holdings
Estatus retirado Estado de pérdida Estado de daño No para préstamo Biblioteca de origen Biblioteca actual Ubicación en estantería Fecha de adquisición Fuente de adquisición Total de préstamos Signatura topográfica completa Código de barras Visto por última vez Precio de reemplazo Tipo de ítem Koha
        Biblioteca del Ateneo de Madrid Biblioteca del Ateneo de Madrid Sala Pecera Planta 1 17/01/2008     A-7655 1135259 23/02/2023 23/02/2023 Libro impreso